Tržní koncentrace ve zpracovatelském průmyslu České republiky a antimonopolní politika

Problematika trhovej koncentrácie v kontexte s novo vznikajúcou trhovou ekonomikou v Českej republike. Zmena koncentrácie na spracovateľských trhoch v rokoch 1989-1997. Úroveň koncentrácie v porovnaní s analogickými trhmi v Európskej únii a Slovenskom. Štatistická analýza podnikovej databázy.

Gespeichert in:
Bibliographische Detailangaben
1. Verfasser: Zemplinerová, Alena
Format: Buchkapitel
Sprache:Tschechisch
Schlagworte:
Tags: Tag hinzufügen
Keine Tags, Fügen Sie das erste Tag hinzu!

MARC

LEADER 00000naa a2200000 4500
001 r034780
005 20231002105444.2
041 0 |a cze 
044 |a CZ 
245 1 0 |a Tržní koncentrace ve zpracovatelském průmyslu České republiky a antimonopolní politika  |c Alena Zemplinerová 
520 |a Problematika trhovej koncentrácie v kontexte s novo vznikajúcou trhovou ekonomikou v Českej republike. Zmena koncentrácie na spracovateľských trhoch v rokoch 1989-1997. Úroveň koncentrácie v porovnaní s analogickými trhmi v Európskej únii a Slovenskom. Štatistická analýza podnikovej databázy. 
610 2 0 |a koncentrácia 
610 2 0 |a priemysel spracovateľský 
610 2 0 |a politika protimonopolná 
610 2 0 |a podnik 
610 2 0 |a odvetvia priemyselné 
610 2 0 |a súťaž hospodárska 
610 2 0 |a Česko 
610 2 0 |a Európska únia 
610 2 0 |a Slovensko 
100 1 |a Zemplinerová, Alena